000 00500ntaaa2200181 4500
003 01
005 20251027201835.0
008 0714s1973 ag 01
040 _aAR-BaBN
_bspa
_cAR-BaBN
_eaacr
_dRIC
082 _a244.1000 C46
100 _aChristian, María
_916867
245 _aDo Jai de Corea
250 _a1 ed.
260 _aEl Paso :
_bCasa Bautista de Publicaciones,
_c1967
300 _a82 p
500 _aTrata de un muchacho coreano que recibió ayuda de un muñeco de nieve
942 _cBK
999 _c13095
_d13095